=LDR 00000nam 2200000 4500 =001 NUTBA000000000003574 =005 20160331124226.0 =006 =007 =008 =020 ##$$a 979-28-1395-1 =035 ##$$0010-081400000000419 =040 ##$$a NBPDMAT =082 ##$$a 510 =090 ##$$a 510 $b Miy m =100 ##$$a Miyanto =245 ##$$a Matematika SMP/MTS kelas VII jilid B / $c Miyanto, Anna Yuni Astuti, Ngapiningsih =260 ##$$a Klaten : $b Intan Pariwara, $c 2013 =300 ##$$a vi, 154 hlm. : $b ilus. ; $c 27 cm. =500 ##$$a Bibliografi : hlm. 154 =650 ##$$a Matematika - SMP =700 ##$$a Anna Yuni Astuti =850 ##$$a NBPDMAT =990 ##$$a 21407284